Effects of management systems on ground-foraging ant diversity in Costa Rica (Registro nro. 11952)

Detalles MARC
000 -CABECERA
Campo de control 006230000a22001930004500
090 ## - CLASIFICACIÓN LOCAL
Colección AR
Consecutivo 02892
041 0# - IDIOMA
Código de idioma para texto/pista de sonido o título separado
100 1# - ASIENTO PRINCIPAL--NOMBRE PERSONAL
Nombre personal Roth, Dana S.
245 10 - MENCION DE TITULO
Título Effects of management systems on ground-foraging ant diversity in Costa Rica
650 14 - ASIENTO SECUNDARIO DE MATERIA - TERMINO TEMATICO
Término temático o nombre geográfico como elemento de entrada Disturbios antrópicos
650 14 - ASIENTO SECUNDARIO DE MATERIA - TERMINO TEMATICO
Término temático o nombre geográfico como elemento de entrada Hormigas
650 14 - ASIENTO SECUNDARIO DE MATERIA - TERMINO TEMATICO
Término temático o nombre geográfico como elemento de entrada Fragmentación
650 14 - ASIENTO SECUNDARIO DE MATERIA - TERMINO TEMATICO
Término temático o nombre geográfico como elemento de entrada Bosques húmedos tropicales
651 #4 - ASIENTO SECUNDARIO DE MATERIA - NOMBRE GEOGRAFICO
-- Estación biológica La Selva
-- Costa Rica
653 ## - TERMINO DE INDIZACION - NO CONTROLADO
-- Formicidae
700 1# - ASIENTO SECUNDARIO - NOMBRE PERSONAL
Nombre personal Perfecto, Ivette
773 1# - Item fuente:
Título Ecological Applications
Especificación de materiales 153
Descripción física 3
Paginas del Articulo 423-436
Lugar, editorial y fecha de publicación 1994
Información sobre la relación 4
942 ## - ELEMENTOS ADICIONALES (KOHA)
Tipo de ítem Artículo
Existencias
Withdrawn status Lost status Damaged status No para préstamo Colección Ubicación Permanente Ubicación actual Fecha de adquisición Fuente de Valor Datos de publicación Seriada Total Checkouts Número topográfico Inventario / Código de Barras Date last seen Ejemplar Price effective from Forma de adquisición Tipo de material
      No para Préstamo Hemeroteca Bogotá Bogotá 27/02/2015 Arango, Natalia Fuera de circulación   AR 02892 013301 25/03/2015 1 25/03/2015   Artículo